Technology and East-West trade

Đã lưu trong:
書目詳細資料
企業作者: Office of Technology Assessment
格式: 圖書
語言:Undetermined
出版: Washington Office of Technology Assessment 1979
主題:
標簽: 添加標簽
沒有標簽, 成為第一個標記此記錄!
Thư viện lưu trữ: Trung tâm Học liệu Trường Đại học Cần Thơ
LEADER 00500nam a2200169Ia 4500
001 CTU_78481
008 210402s9999 xx 000 0 und d
082 |a 382 
082 |b O.32 
110 |a Office of Technology Assessment 
245 0 |a Technology and East-West trade 
245 0 |c Office of Technology Assessment 
260 |a Washington 
260 |b Office of Technology Assessment 
260 |c 1979 
650 |a Technology transfer 
980 |a Trung tâm Học liệu Trường Đại học Cần Thơ